LEADER 00929nam a2200217 i 4500 001 000000142419 003 CaOOAMICUS 005 20050905000000.0 008 050905s1969 it u000 u ita u 013 $a117727 040 $aSeMil$bita 100 1 $aCantoni, Remo,$d<1914-1978>.$0(OLS)http://semarc/name/8141 245 10$aPersonalità, anomia e sistema sociale /$cRemo Cantoni. Ideologia e utopia nel pensiero contemporaneo / Franco Fergnani. 260 $aMilano :$bLa goliardica,$cstampa 1969. 300 $aCLXX, 159 p. ;$c24 cm. 700 1 $aFergnani, Franco,$d<1927-2009>.$0(OLS)http://semarc/name/39788 850 $aSeMil 852 $aSeMil$W1$xVenegono$y1$m1102 5 *$j95593$B95593$CSeMilBibl$Z2$F103050 $81 961 $aLascito: Corradi mons. Enrico 996 $6245$aPersonalità, anomia e sistema sociale$9(OLS)http://semarc/title/208323 996 $6260$aMilano :$bLa goliardica$9(OLS)http://semarc/publisher/41779 LEADER 01053nam a2200241 i 4500 001 000000238147 003 CaOOAMICUS 005 20150120000000.0 008 150120n it u000 u ita u 013 $a217052 040 $aSeMil$bita 100 1 $aCappio, M. Pietro.$0(OLS)http://semarc/name/81190 245 12$aI miei ricordi di D. Oreste Fontanella /$cdolce testimonianza di fraterno affetto M. Pietro Cappio. 260 $aBiella :$ba cura della Postulazione - Seminario Vescovile,$cimprim. 1961. 300 $a77 p. ;$c17 cm. 500 $aFondo card. Giovanni Colombo. 650 4$aFontanella, Oreste .$0(OLS)http://semarc/subject/26960 850 $aSeMil 852 $aSeMil$W1$xVenegono$y1$m3GC VIII 211/25$j188493$B188493$CSeMilBibl$Z2$F206753 $8B 941 1 $a3 961 $aLascito: Colombo Card. Giovanni 996 $6245$aI miei ricordi di D. Oreste Fontanella$9(OLS)http://semarc/title/339367 996 $6260$aBiella :$ba cura della Postulazione - Seminario Vescovile$9(OLS)http://semarc/publisher/54349 LEADER 01366nam a2200277 i 4500 001 000000122725 003 CaOOAMICUS 005 20040209000000.0 008 040209s1997 it u000 u ita u 013 $a95420 040 $aSeMil$bita 100 1 $aBanzato, Davide,$d<1981- >.$0(OLS)http://semarc/name/51015 245 13$aLa pittura fiamminga nel Veneto e nell'Emilia /$ca cura di Caterina Limentani Virdis ; scritti di Davide Banzato ... [et al.]. 260 $a[S.l.] :$bBanco S. Geminiano e S. Prospero,$ccopyr. 1997. 260 $a[Verona] :$bBanca Popolare di Verona,$ccopyr. 1997. 300 $a383 p. :$briccamente ill. ;$c32 cm. 500 $aContiene : Bibliografia. - In custodia. - Fondo Card. C.M. Martini. 650 4$aPittura fiamminga - Fortuna - Emilia Romagna - Sec. 16.-17.$0(OLS)http://semarc/subject/23291 700 1 $aLimentani Virdis, Caterina.$0(OLS)http://semarc/name/44260 850 $aSeMil 852 $aSeMil$W1$xVenegono$y1$m5G VII 4$j77642$B77642$CSeMilBibl$Z2$F79666 $81 941 1 $a4 961 $aOmaggio: Martini Card. Carlo Maria 996 $6245$aLa pittura fiamminga nel Veneto e nell'Emilia$9(OLS)http://semarc/title/180711 996 $6260$a[Verona] :$bBanca Popolare di Verona$9(OLS)http://semarc/publisher/33006 996 $6260$a[S.l.] :$bBanco S. Geminiano e S. Prospero$9(OLS)http://semarc/publisher/39816